Franz Xaver - Patron der Missionen : Festschrift zum 450. Todestag
Saved in:
| Other Authors: | |
|---|---|
| Document Type: | Book |
| Language: | German |
| Published: |
Regensburg
: Schnell und Steiner
, 2002
|
| Edition: | 1. Aufl. |
| Series: | Jesuitica
4 |
| Subjects: | |
| Online Access: | Inhaltsverzeichnis Rezension Rezension Rezension Inhaltsverzeichnis Rezension |
| Related Items: | Rezensiert in:
Franz Xaver – Patron der Missionen. Festschrift zum 450. Todestag. Edited by Rita Haub and Julius Oswald SJ. (Jesuitica. Quellen und Studien zur Geschichte, Kunst und Literatur des Gesellschaft Jesu im deutschsprachigen Raum, 4.) Pp. 378+24 black-and-white and 35 colour plates. Regensburg: Schnell & Steiner, 2002. €34.90. 3 7954 1252 8 Rezensiert in: [Rezension von: Rita Haub / Julius Oswald SJ (Hrsg.), Franz Xaver - Patron der Missionen] |
| Author Notes: | Rita Haub; Julius Oswald (Hg.) |
| LEADER | 06264cam a2201201 c 4500 | ||
|---|---|---|---|
| 001 | 344871819 | ||
| 003 | DE-627 | ||
| 005 | 20260421112637.0 | ||
| 007 | tu | ||
| 008 | 020322s2002 gw ||||| 00| ||ger c | ||
| 010 | |a 2002507174 | ||
| 015 | |a 02,N14,0075 |2 dnb | ||
| 015 | |a 02,A28,0235 |2 dnb | ||
| 016 | 7 | |a 963993941 |2 DE-101 | |
| 020 | |a 3795412528 |q Pp. |9 3-7954-1252-8 | ||
| 035 | |a (DE-627)344871819 | ||
| 035 | |a (DE-603)103888586 | ||
| 035 | |a (DE-576)099112671 | ||
| 035 | |a (DE-599)GBV344871819 | ||
| 035 | |a (OCoLC)1457162734 | ||
| 035 | |a (OCoLC)248637381 | ||
| 040 | |a DE-627 |b ger |c DE-627 |e rakwb | ||
| 041 | |a ger | ||
| 044 | |c XA-DE |c XA-DE-BY |c XA-ES |c XB-IN |c XB-LK |c XB-MY |c XB-JP | ||
| 050 | 0 | |a BX4700.F8 | |
| 082 | 0 | |a 271.53092 |q OBV |2 22 | |
| 084 | |a 12 |2 sdnb | ||
| 084 | |a 12 |a 25 |a 63 |2 sdnb | ||
| 084 | |a 1 |2 ssgn | ||
| 084 | |a BO 1750 |q BVB |2 rvk |0 (DE-625)rvk/14026: | ||
| 084 | |a NV 5562 |q BVB |2 rvk |0 (DE-625)rvk/131914: | ||
| 084 | |a BO 1830 |2 rvk |0 (DE-625)rvk/14040: | ||
| 084 | |a BO 7000 |2 rvk |0 (DE-625)rvk/14819: | ||
| 084 | |a 11.54 |2 bkl | ||
| 245 | 0 | 0 | |a Franz Xaver - Patron der Missionen |b Festschrift zum 450. Todestag |c Rita Haub; Julius Oswald (Hg.) |
| 246 | 3 | 0 | |a Vierhundertfünfzigsten |
| 250 | |a 1. Aufl. | ||
| 263 | |a Gewebe : ca. sfr 62.00 | ||
| 264 | 1 | |a Regensburg |b Schnell und Steiner |c 2002 | |
| 300 | |a 377 S. |b Ill. | ||
| 336 | |a Text |b txt |2 rdacontent | ||
| 337 | |a ohne Hilfsmittel zu benutzen |b n |2 rdamedia | ||
| 338 | |a Band |b nc |2 rdacarrier | ||
| 490 | 1 | |a Jesuitica |v 4 | |
| 500 | |a Festschrift Francisco de Xavier | ||
| 583 | 1 | |a Archivierung/Langzeitarchivierung gewährleistet |f SSG |x XA-DE-BW |2 pdager |5 DE-21 | |
| 600 | 1 | 0 | |a Francis Xavier |c Saint |d 1506-1552 |
| 600 | 0 | 7 | |0 (DE-588)118535021 |0 (DE-627)079335233 |0 (DE-576)160990084 |a Francisco |c de Javier |d 1506-1552 |2 gnd |
| 610 | 1 | 0 | |a Jesuits |v Biography |
| 610 | 1 | 0 | |a Jesuits |x Missions |x History |
| 610 | 1 | 0 | |a Jesuits |x Missions |z Japan |
| 648 | 7 | |a Geschichte |2 gnd | |
| 650 | 0 | |a Missions |z Japan |x History |y 16th century | |
| 650 | 0 | 7 | |0 (DE-588)4024052-6 |0 (DE-627)106300547 |0 (DE-576)20895290X |a Heiligenverehrung |2 gnd |
| 650 | 4 | |a Mission/Weltmission | |
| 650 | 4 | |a Orden/Kongregationen | |
| 650 | 4 | |a Neuzeit | |
| 650 | 4 | |a Früh | |
| 650 | 4 | |a Asien | |
| 650 | 4 | |a mission/world mission | |
| 650 | 4 | |a orders/congregations | |
| 650 | 4 | |a modern era | |
| 650 | 4 | |a early | |
| 650 | 4 | |a Asia | |
| 650 | 4 | |a Aufsatzsammlung | |
| 655 | 7 | |a Aufsatzsammlung |0 (DE-588)4143413-4 |0 (DE-627)105605727 |0 (DE-576)209726091 |2 gnd-content | |
| 655 | 7 | |a Festschrift |0 (DE-588)4016928-5 |0 (DE-627)104400986 |0 (DE-576)208917802 |2 gnd-content | |
| 689 | 0 | 0 | |d p |0 (DE-588)118535021 |0 (DE-627)079335233 |0 (DE-576)160990084 |a Francisco |c de Javier |d 1506-1552 |2 gnd |
| 689 | 0 | |5 DE-101 | |
| 689 | 1 | 0 | |d s |0 (DE-588)4024052-6 |0 (DE-627)106300547 |0 (DE-576)20895290X |a Heiligenverehrung |2 gnd |
| 689 | 1 | 1 | |a z |2 gnd |a Geschichte |
| 689 | 1 | |5 DE-101 | |
| 689 | 2 | 0 | |a z |2 gnd |a Geschichte |
| 689 | 2 | |5 (DE-627) | |
| 700 | 1 | |a Haub, Rita |d 1955-2015 |e Hrsg. |0 (DE-588)12213415X |0 (DE-627)081756801 |0 (DE-576)164368531 |4 edt | |
| 700 | 0 | |a Francisco |c de Javier |d 1506-1552 |e GefeierteR |0 (DE-588)118535021 |0 (DE-627)079335233 |0 (DE-576)160990084 |4 hnr | |
| 700 | 1 | |a Oswald, Julius |d 1943- |0 (DE-588)122134184 |0 (DE-627)081756828 |0 (DE-576)293109524 |4 oth | |
| 787 | 0 | 8 | |i Rezensiert in |a Wright, A. D. |t Franz Xaver – Patron der Missionen. Festschrift zum 450. Todestag. Edited by Rita Haub and Julius Oswald SJ. (Jesuitica. Quellen und Studien zur Geschichte, Kunst und Literatur des Gesellschaft Jesu im deutschsprachigen Raum, 4.) Pp. 378+24 black-and-white and 35 colour plates. Regensburg: Schnell & Steiner, 2002. €34.90. 3 7954 1252 8 |d 2004 |w (DE-627)1784680346 |
| 787 | 0 | 8 | |i Rezensiert in |a Karner, Herbert, 1958 - |t [Rezension von: Rita Haub / Julius Oswald SJ (Hrsg.), Franz Xaver - Patron der Missionen] |d 2002 |w (DE-627)1920629300 |
| 830 | 0 | |a Jesuitica |v 4 |9 4 |w (DE-627)327305401 |w (DE-576)064223566 |w (DE-600)2042863-7 |7 am | |
| 856 | 4 | 2 | |u http://bvbr.bib-bvb.de:8991/F?func=service&doc_library=BVB01&doc_number=009746170&line_number=0001&func_code=DB_RECORDS&service_type=MEDIA |m V:DE-604 |q application/pdf |v 20090731000000 |3 Inhaltsverzeichnis |7 1 |
| 856 | 4 | 2 | |u https://swbplus.bsz-bw.de/bsz099112671rez.htm |m V:DE-576 |v 2005-08-10 |3 Rezension |7 1 |
| 856 | 4 | 2 | |u http://www.sehepunkte.de/2002/11/3442.html |m V:DE-576;X:Sehepunkte |q text/html |v 20180423160621 |3 Rezension |7 1 |
| 856 | 4 | 2 | |u http://scans.hebis.de/HEBCGI/show.pl?10388858_rez.pdf |m V:DE-576 |q application/pdf |3 Rezension |7 1 |
| 856 | 4 | 2 | |u http://scans.hebis.de/HEBCGI/show.pl?10388858_toc.pdf |m V:DE-604 |q application/pdf |3 Inhaltsverzeichnis |7 1 |
| 856 | 4 | 2 | |u http://bvbm1.bib-bvb.de/webclient/DeliveryManager?pid=210908&custom_att_2=simple_viewer |x Verlag |3 Rezension |7 1 |
| 935 | |a mteo | ||
| 935 | |i Blocktest | ||
| 936 | r | v | |a BO 1750 |b Einzelne Orden |k Theologie und Religionswissenschaften |k Patrologie und Kirchengeschichte |k Kirchengeschichte nach Sachgebieten |k Ordensgeschichte |k Darstellungen: |k Einzelne Orden |0 (DE-627)1270653458 |0 (DE-625)rvk/14026: |0 (DE-576)200653458 |
| 936 | r | v | |a NV 5562 |b Franz Xaver (Heiliger) |k Geschichte |k Religions- und Kirchengeschichte |k Geschichte der katholischen Kirche |k Heiligengeschichte |k Einzelbiografien |k Franz Xaver (Heiliger) |0 (DE-627)1271672073 |0 (DE-625)rvk/131914: |0 (DE-576)201672073 |
| 936 | r | v | |a BO 1830 |b Einzelne Heilige |k Theologie und Religionswissenschaften |k Patrologie und Kirchengeschichte |k Kirchengeschichte nach Sachgebieten |k Hagiographie |k Darstellungen |k Einzelne Heilige |0 (DE-627)1270652176 |0 (DE-625)rvk/14040: |0 (DE-576)200652176 |
| 936 | r | v | |a BO 7000 |b Allgemeines |k Theologie und Religionswissenschaften |k Patrologie und Kirchengeschichte |k Kirchengeschichte nach Perioden |k Seit Johannes XXIII. (seit 1958) |k Darstellungen |k Missionsgeschichte |k Allgemeines |0 (DE-627)1270751913 |0 (DE-625)rvk/14819: |0 (DE-576)200751913 |
| 936 | b | k | |a 11.54 |j Katholizismus |0 (DE-627)106402668 |
| 936 | s | n | |a b100 |2 mzub |
| 936 | s | n | |a l100 |2 mzub |
| 936 | s | n | |a n100 |2 mzub |
| 951 | |a BO | ||
| 990 | |a Francisco <de Javier> | ||
| 990 | |a Heiligenverehrung | ||
| 990 | |a Geschichte | ||
| 990 | |a Geschichte | ||
| 991 | |a Rezensiertes Werk | ||
| 999 | |a KXP-PPN344871819 |e 4953863283 | ||


